Statistiques concernant Trouvez le nom de l'actrice - Série 05

Cliquez ici pour prendre le quiz!

Statistiques générales

  • Ce quiz a été pris 49 fois
  • Le résultat moyen est 3 sur 10

Statistiques - réponses

FilmsActrice% Correct
Jules et Jim - Viva Maria - La mariée était en noirJeanne Moreau
73%
Les bronzés - Le père Noël est une ordure - Les visiteursMarie Anne Chazel
71%
Tatie Danielle - Les Tuche - Les profsIsabelle Nanty
49%
Le viager - Angélique - L'appel de la forêtMichèle Mercier
27%
Hibernatus - L'aile ou la cuisse - OscarClaude Gensac
24%
Le boucher - La femme infidèle - Les noces rougesStéphane Audran
22%
Les sous-doués - La crise - La situation est grave mais pas désespéréeMaria Pacôme
20%
La boum - Le diable au corps - Les saisons du plaisirDenise Grey
20%
L'été meurtrier - Un crime au paradis - Les enfants du maraisSuzanne Flon
13%
P.R.O.F.S - L'été prochain - Les hommes préfèrent les grossesIsabelle Mergault
9%

Distribution des résultats

Percentile par nombre de réponses

% des personnes avec chaque résultat

Votre développement - résultats

Vous n’avez pas pris ce quiz